000
00244nam a2200097Ia 4500
005
20251222114407.0
008
251222s1900||||xx |||||||||||||| ||spa||
082
_a
DVD0195/O66/2005
245
0
_a
Origen del universo, origen del hombre:
942
_c
DVD
999
_c
1884
_d
1884